[Event "Badalona op 40th"]
[Site "Badalona"]
[Date "2014.08.09"]
[Round "8"]
[White "Oliva Castaneda, Kevel"]
[Black "Palit, Somak"]
[Result "1/2-1/2"]
[WhiteElo "2446"]
[BlackElo "2397"]
[PlyCount "119"]
[EventDate "2014.08.02"]
[EventType "swiss"]
[EventRounds "9"]
[EventCountry "ESP"]
[SourceTitle "CBM 161 Extra"]
[Source "ChessBase"]
[SourceDate "2014.08.29"]
[SourceVersion "1"]
[SourceVersionDate "2014.08.29"]
[SourceQuality "1"]

1. Nf3 d5 2. c4 c6 3. e3 Nf6 4. Nc3 g6 5. d4 Bg7 6. Be2 0-0 7. 0-0 e6 8. b4 Nbd7 9. Qb3 b6 10. cxd5 Nxd5 11. Bb2 Nxc3 12. Bxc3 Bb7 13. a4 Qe7 14. a5 Rab8 15. axb6 axb6 16. Ra7 Rfc8 17. Rd1 Rc7 18. Qa3 Qd8 19. Nd2 Ra8 20. Bf3 Rcc8 21. Nc4 Qc7 22. Rxa8 Rxa8 23. Qb2 Ra7 24. e4 Ba8 25. g3 c5 26. dxc5 Bxc3 27. Qxc3 bxc5 28. b5 Rb7 29. Qa1 Rb8 30. Rd6 Bb7 31. Qb2 Ra8 32. b6 Qc8 33. Rd1 Qc6 34. Kg2 Qa4 35. Rc1 Rb8 36. Qa1 Qxa1 37. Rxa1 Bc6 38. Rb1 Kf8 39. Na5 Bb7 40. Kg1 f5 41. Nxb7 Rxb7 42. exf5 Rxb6 43. Rxb6 Nxb6 44. fxg6 hxg6 45. h4 Kg7 46. Kf1 Kf6 47. Ke2 Nc4 48. Be4 Nd6 49. Bb1 g5 50. h5 g4 51. h6 Nf5 52. h7 Kg7 53. Kd3 Kxh7 54. Kc4 Kg6 55. Kxc5 Kf6 56. Bc2 Ke5 57. Bd1 Nd6 58. Bxg4 Ne4+ 59. Kc6 Nxf2 60. Bxe6 1/2-1/2

[Event "Badalona op 40th"]
[Site "Badalona"]
[Date "2014.08.07"]
[Round "6"]
[White "Palit, Somak"]
[Black "Huerga Leache, Mikel"]
[Result "1-0"]
[WhiteElo "2397"]
[BlackElo "2457"]
[PlyCount "143"]
[EventDate "2014.08.02"]
[EventType "swiss"]
[EventRounds "9"]
[EventCountry "ESP"]
[SourceTitle "CBM 161 Extra"]
[Source "ChessBase"]
[SourceDate "2014.08.29"]
[SourceVersion "1"]
[SourceVersionDate "2014.08.29"]
[SourceQuality "1"]

1. e4 e6 2. d4 d5 3. Nc3 Bb4 4. Nge2 Nf6 5. Bg5 h6 6. Bxf6 Qxf6 7. a3 Ba5 8. b4 Bb6 9. exd5 0-0 10. Qd3 e5 11. Ne4 Qe7 12. c4 Bxd4 13. Nxd4 exd4 14. Be2 Bf5 15. f3 a5 16. 0-0 axb4 17. axb4 Rxa1 18. Rxa1 Qxb4 19. Rb1 Bxe4 20. fxe4 Qc5 21. Rxb7 Nd7 22. Rb5 Qa7 23. c5 Qa4 24. Qd1 Qa3 25. Qxd4 Qc1+ 26. Bf1 Ra8 27. c6 Nf6 28. e5 Nh5 29. Rc5 Qe1 30. d6 g5 31. dxc7 Nf4 32. Qf2 Qxf2+ 33. Kxf2 Rc8 34. g3 Ng6 35. Rb5 Rxc7 36. Bg2 Ra7 37. Bd5 Nxe5 38. Rb7 Nxc6 39. Bxc6 Ra2+ 40. Ke3 Rxh2 41. Bd5 h5 42. Rxf7 Kh8 43. Rd7 Rc2 44. Be4 Rc3+ 45. Kf2 Rc4 46. Bd3 Rc3 47. Ke3 h4 48. g4 Rc5 49. Kd4 Rc8 50. Rh7+ Kg8 51. Rh5 Kf7 52. Rxg5 Rh8 53. Be4 h3 54. Ke3 h2 55. Bh1 Kf6 56. Rf5+ Kg6 57. Kf2 Rb8 58. Kg3 Rh8 59. Rf1 Kg5 60. Bf3 Rd8 61. Rh1 Rd3 62. Rxh2 Ra3 63. Rh5+ Kg6 64. Kf4 Kg7 65. Be4 Ra1 66. Kg5 Ra5+ 67. Bf5 Ra6 68. Rh7+ Kg8 69. Rb7 Rc6 70. Bg6 Kh8 71. Kh6 Rc8 72. Rh7+ 1-0

[Event "Sitges op 40th"]
[Site "Sitges"]
[Date "2014.07.30"]
[Round "8"]
[White "Ghosh, Diptayan"]
[Black "Palit, Somak"]
[Result "1/2-1/2"]
[WhiteElo "2468"]
[BlackElo "2411"]
[PlyCount "81"]
[EventDate "2014.07.22"]
[EventType "swiss"]
[EventRounds "9"]
[EventCountry "ESP"]
[SourceTitle "CBM 161 Extra"]
[Source "ChessBase"]
[SourceDate "2014.08.29"]
[SourceVersion "1"]
[SourceVersionDate "2014.08.29"]
[SourceQuality "1"]

1. d4 d5 2. c4 c6 3. Nf3 Nf6 4. e3 g6 5. Nc3 Bg7 6. Be2 0-0 7. 0-0 e6 8. b4 Nbd7 9. Qb3 b6 10. cxd5 Nxd5 11. Bb2 Nxc3 12. Bxc3 Bb7 13. Rfc1 Rc8 14. a4 c5 15. dxc5 Bxc3 16. Rxc3 bxc5 17. b5 Qf6 18. Rac1 Rfd8 19. Qa3 Rc7 20. Ne1 Rdc8 21. a5 Qe5 22. Bf1 Qd6 23. Nd3 Qd5 24. Qb2 Ne5 25. Nxe5 Qxe5 26. b6 axb6 27. Qxb6 Qd5 28. Rd3 Qc6 29. Rd6 Qxb6 30. Rxb6 Bd5 31. f3 f5 32. e4 fxe4 33. fxe4 Bxe4 34. Rxe6 Bf5 35. Rb6 c4 36. Rc3 Kf7 37. Be2 Be4 38. Kf2 Bd5 39. g3 Rc5 40. a6 Ra5 41. Bf3 1/2-1/2

[Event "Sitges op 40th"]
[Site "Sitges"]
[Date "2014.07.25"]
[Round "4"]
[White "Vidarte Morales, Arturo"]
[Black "Palit, Somak"]
[Result "1/2-1/2"]
[WhiteElo "2323"]
[BlackElo "2411"]
[PlyCount "83"]
[EventDate "2014.07.22"]
[EventType "swiss"]
[EventRounds "9"]
[EventCountry "ESP"]
[SourceTitle "CBM 161 Extra"]
[Source "ChessBase"]
[SourceDate "2014.08.29"]
[SourceVersion "1"]
[SourceVersionDate "2014.08.29"]
[SourceQuality "1"]

1. c4 Nf6 2. Nc3 d5 3. d4 g6 4. Nf3 Bg7 5. Bg5 c6 6. e3 0-0 7. Bd3 Nbd7 8. cxd5 cxd5 9. 0-0 b6 10. Qa4 Bb7 11. Rac1 Ne4 12. Bf4 a6 13. Qb3 e6 14. h3 Rc8 15. a4 g5 16. Bh2 f5 17. Bxe4 fxe4 18. Nxe4 dxe4 19. Qxe6+ Kh8 20. Nxg5 Qxg5 21. Qxd7 Qd5 22. Qe7 Bc6 23. Be5 Bxe5 24. dxe5 Rce8 25. Qb4 Rg8 26. Rfd1 Qe6 27. Kh1 Qg6 28. Rg1 Re6 29. Rcd1 Qf5 30. Rd6 Reg6 31. Rxg6 Rxg6 32. Qxb6 Bxa4 33. Qd8+ Kg7 34. e6 Bb5 35. Qe7+ Kh6 36. Qh4+ Kg7 37. Qe7+ Kh8 38. Qd8+ Rg8 39. Qd4+ Rg7 40. Qd8+ Rg8 41. Qd4+ Rg7 42. Qd8+ 1/2-1/2

[Event "Barcelona Sant Marti op-A 16th"]
[Site "Barcelona"]
[Date "2014.07.18"]
[Round "6"]
[White "Palit, Somak"]
[Black "Gomez Jurado, Luis Alberto"]
[Result "1/2-1/2"]
[WhiteElo "2411"]
[BlackElo "2304"]
[PlyCount "111"]
[EventDate "2014.07.13"]
[EventType "swiss"]
[EventRounds "9"]
[EventCountry "ESP"]
[SourceTitle "CBM 161 Extra"]
[Source "ChessBase"]
[SourceDate "2014.08.29"]
[SourceVersion "1"]
[SourceVersionDate "2014.08.29"]
[SourceQuality "1"]

1. e4 c6 2. Nc3 d5 3. Nf3 dxe4 4. Nxe4 Nf6 5. Nxf6+ exf6 6. Be2 Bd6 7. 0-0 0-0 8. d4 Re8 9. Re1 Bg4 10. h3 Bh5 11. Nh4 Bxe2 12. Rxe2 Rxe2 13. Qxe2 g6 14. Bh6 Na6 15. Re1 Qd7 16. Nf3 Nc7 17. Qd3 Re8 18. Rxe8+ Qxe8 19. Kf1 Nd5 20. a3 Bf4 21. Bxf4 Nxf4 22. Qe3 Qxe3 23. fxe3 Ne6 24. Ke2 Kf8 25. Kd3 Ke7 26. c4 f5 27. b4 f6 28. b5 cxb5 29. cxb5 Nc7 30. a4 a6 31. bxa6 bxa6 32. Nd2 Nd5 33. Nb3 Kd6 34. Nc5 a5 35. Nb7+ Kc7 36. Nxa5 Nb6 37. d5 Nxa4 38. Kd4 Nb6 39. Nc4 Nd7 40. g3 Nf8 41. Na3 Nd7 42. Nb5+ Kd8 43. h4 Ke7 44. Na3 Kd6 45. Nb5+ Ke7 46. Kc4 h5 47. Kd4 g5 48. Na3 Kd6 49. Nc4+ Ke7 50. Nb2 Kd6 51. Nc4+ Ke7 52. e4 gxh4 53. gxh4 f4 54. Kd3 Ne5+ 55. Nxe5 fxe5 56. Ke2 1/2-1/2

[Event "Barbera del Valles op 37th"]
[Site "Barbera del Valles"]
[Date "2014.07.10"]
[Round "7"]
[White "Palit, Somak"]
[Black "Akshat, Khamparia"]
[Result "1/2-1/2"]
[WhiteElo "2411"]
[BlackElo "2367"]
[PlyCount "72"]
[EventDate "2014.07.04"]
[EventType "swiss"]
[EventRounds "9"]
[EventCountry "ESP"]
[SourceTitle "CBM 161 Extra"]
[Source "ChessBase"]
[SourceDate "2014.08.29"]
[SourceVersion "1"]
[SourceVersionDate "2014.08.29"]
[SourceQuality "1"]

1. e4 e5 2. Nf3 Nf6 3. Nxe5 d6 4. Nf3 Nxe4 5. Qe2 Qe7 6. d3 Nf6 7. Bg5 Qxe2+ 8. Bxe2 Be7 9. Nc3 0-0 10. Ne4 Nbd7 11. Nxf6+ Bxf6 12. Bxf6 Nxf6 13. 0-0 Re8 14. Rfe1 Bg4 15. h3 Bxf3 16. Bxf3 c6 17. Kf1 Kf8 18. Rxe8+ Rxe8 19. Re1 Rxe1+ 20. Kxe1 d5 21. d4 Ke7 22. Kd2 Kd6 23. Ke3 Ne8 24. c3 g6 25. h4 f6 26. g3 Ng7 27. Bg4 Ne6 28. Bxe6 Kxe6 29. Kf4 b6 30. b3 a6 31. a3 a5 32. a4 Ke7 33. Ke3 Kd6 34. Kd2 Ke7 35. Ke3 Kd6 36. Kd2 Ke7 1/2-1/2